• 首页
  • 本馆介绍
  • 公告通知
  • 最新文献
  • 馆藏检索
  • 电子资源
  • 读者导购
  • 参考咨询
  • 我的图书馆
  • 登录
  • 详细信息显示
  • 放入我的书架
  • 预约/预借图书
  • 作者相关作品
  • 分类相关作品
  • 丛书相关作品
  • 出版社相关作品

书目信息

  • 表格格式
  • 工作单格式
  • 卡片格式
题名:
设计色彩
    
 
作者: 周霖 主编
分册:  
出版信息: 济南   山东科学技术出版社  2004
页数: 104页
开本: 26cm
丛书名:
单 册:
中图分类: J206.3
科图分类:
主题词: 色彩学
电子资源:
ISBN: 7-5331-3743-4
000 00758nam0 2200229 45
001 002704875
005 20050111103425.1
010    @a7-5331-3743-4@dCNY38.00
100    @a20040802d2004 em y0chiy0110 ea
101 0  @achi
102    @aCN@b370000
105    @aa z 000yy
200 1  @a设计色彩@Ashe ji se cai@f周霖主编@FZhou Lin Zhu Bian
210    @a济南@c山东科学技术出版社@d2004
215    @a104页@c图@d26cm
300    @a21世纪高等职业教育通用教材
330    @a本书充分吸收本学科国内外新成果、新材料、新创意,图文结合,全书包括:设计色彩概述、设计色彩原理、设计色彩的表现形式、设计色彩在生活环境中的运用等四章。
606 0  @a色彩学
690    @aJ206.3@v4
701  0 @a周霖@4主编
801  0 @aCN@bNLC@c20040930
905    @b342100-106@dJ206.3@e252@f7
    
    设计色彩/周霖主编.-济南:山东科学技术出版社,2004
    104页:图;26cm
    21世纪高等职业教育通用教材
    
    ISBN 7-5331-3743-4:CNY38.00
    本书充分吸收本学科国内外新成果、新材料、新创意,图文结合,全书包括:设计色彩概述、设计色彩原理、设计色彩的表现形式、设计色彩在生活环境中的运用等四章。
●
相关链接 在E读中查询图书 在五车中查询图书 在当当中查询图书 在豆瓣中查询图书


正题名:设计色彩     索取号:J206.3/252         预约/预借

序号 登录号 条形码 馆藏地/架位号 状态 备注
1 0342100   203421001   第一样本阅览室/ [索取号:J206.3/252] 在馆    
2 0342101   203421010   第一借阅区/ [索取号:J206.3/252] 在馆    
3 0342102   203421029   第一借阅区/ [索取号:J206.3/252] 在馆    
4 0342103   203421038   第一借阅区/ [索取号:J206.3/252] 在馆    
5 0342104   203421047   第一借阅区/ [索取号:J206.3/252] 在馆    
6 0342105   203421056   第一借阅区/ [索取号:J206.3/252] 在馆    
7 0342106   203421065   第一借阅区/ [索取号:J206.3/252] 在馆    
唐山师范学院图书馆 欢迎您!
大连网信软件有限公司© 版权所有